<?xml version="1.0" encoding="UTF-8"?>
<record
    xmlns:xsi="http://www.w3.org/2001/XMLSchema-instance"
    xsi:schemaLocation="http://www.loc.gov/MARC21/slim http://www.loc.gov/standards/marcxml/schema/MARC21slim.xsd"
    xmlns="http://www.loc.gov/MARC21/slim">

  <leader>03201nam a22003977i 4500</leader>
  <controlfield tag="003">Do-SdINT</controlfield>
  <controlfield tag="005">20250604144137.0</controlfield>
  <controlfield tag="008">040225s2024    sp      s    |||| 0|spa d</controlfield>
  <datafield tag="020" ind1=" " ind2=" ">
    <subfield code="a">978-84-10282-15-5</subfield>
  </datafield>
  <datafield tag="040" ind1=" " ind2=" ">
    <subfield code="a">DO-SdINT</subfield>
    <subfield code="e">rda</subfield>
    <subfield code="b">spa</subfield>
    <subfield code="c">DO-SdINT</subfield>
  </datafield>
  <datafield tag="072" ind1=" " ind2=" ">
    <subfield code="a">CSH</subfield>
  </datafield>
  <datafield tag="082" ind1=" " ind2=" ">
    <subfield code="a">371.33014/An779c</subfield>
    <subfield code="2">21</subfield>
  </datafield>
  <datafield tag="245" ind1="1" ind2="0">
    <subfield code="a">Comunicaci&#xF3;n sostenible de conocimiento en contextos presenciales y/o digitales /</subfield>
    <subfield code="c">Rosario Arroyo Gonz&#xE1;lez, Ena M.&#xAA; C. Evia Ricalde y Claudia de Barros Camargo (eds.)</subfield>
  </datafield>
  <datafield tag="250" ind1=" " ind2=" ">
    <subfield code="a">Primera edici&#xF3;n.</subfield>
  </datafield>
  <datafield tag="264" ind1=" " ind2=" ">
    <subfield code="a">Barcelona, Espa&#xF1;a : </subfield>
    <subfield code="b">Octaedro,</subfield>
    <subfield code="c">2024</subfield>
  </datafield>
  <datafield tag="300" ind1=" " ind2=" ">
    <subfield code="a">1 recurso en l&#xED;nea (200 p&#xE1;ginas)</subfield>
  </datafield>
  <datafield tag="336" ind1=" " ind2=" ">
    <subfield code="a">texto</subfield>
    <subfield code="b">txt</subfield>
    <subfield code="2">rdacontent</subfield>
  </datafield>
  <datafield tag="337" ind1=" " ind2=" ">
    <subfield code="a">computadora</subfield>
    <subfield code="b">c</subfield>
    <subfield code="2">rdamedia</subfield>
  </datafield>
  <datafield tag="338" ind1=" " ind2=" ">
    <subfield code="a">recurso en l&#xED;nea</subfield>
    <subfield code="b">c</subfield>
    <subfield code="2">rdacarrier</subfield>
  </datafield>
  <datafield tag="347" ind1=" " ind2=" ">
    <subfield code="a">archivo de texto</subfield>
    <subfield code="b">PDF</subfield>
    <subfield code="2">rda</subfield>
  </datafield>
  <datafield tag="490" ind1=" " ind2=" ">
    <subfield code="a">Horizontes Universidad ;</subfield>
  </datafield>
  <datafield tag="505" ind1=" " ind2=" ">
    <subfield code="a">Presentaci&#xF3;n 9 -- Pr&#xE1;cticas de ense&#xF1;anza en un contexto micro digital-multiling&#xFC;e y su efecto en la argumentaci&#xF3;n cient&#xED;fica 13 -- Dimensiones motivacionales de la comunicaci&#xF3;n escrita argumentativa universitaria 31 -- Dimensiones meta sociocognitivas y motivacionales en la comunicaci&#xF3;n escrita argumentativa para la difusi&#xF3;n del conocimiento sostenible en la educaci&#xF3;n secundaria 45 -- Neuroimagen de la comunicaci&#xF3;n inclusiva y multiling&#xFC;e para la sostenibilidad 67 -- Desarrollo profesional en neurodid&#xE1;ctica para hacer realidad la inclusi&#xF3;n del alumnado 77 -- La traducci&#xF3;n audiovisual accesible como eje impulsor de la comunicaci&#xF3;n cient&#xED;fica sostenible 89 -- La audiodescripci&#xF3;n muse&#xED;stica sostenible y multiling&#xFC;e 99 -- Traducci&#xF3;n y aspectos interculturales para el conocimiento sostenible 111 -- Difusi&#xF3;n del conocimiento sostenible en la historia y la literatura: la historia versada de &#xCD;&#xF1;igo Escalante 125 -- La argumentaci&#xF3;n visual en el contexto hist&#xF3;rico iconogr&#xE1;fico de las expediciones de D&#xE9;sir&#xE9; Charnay y Teoberto Maler a Yucat&#xE1;n durante la segunda mitad del siglo xix 135 -- Difusi&#xF3;n del conocimiento sostenible en la literatura: los escritores de Campeche durante el siglo xix y su noci&#xF3;n de la naturaleza 157 -- La sostenibilidad social frente a los conflictos b&#xE9;licos: de la Guerra de Castas a la venta de indios mayas a Cuba desde un peri&#xF3;dico literario del siglo xix 165 -- Gesti&#xF3;n cultural para la sostenibilidad 183</subfield>
  </datafield>
  <datafield tag="506" ind1="0" ind2=" ">
    <subfield code="a">Open Access</subfield>
  </datafield>
  <datafield tag="650" ind1=" " ind2="7">
    <subfield code="a">Comunicaci&#xF3;n</subfield>
    <subfield code="2">ARMARC</subfield>
    <subfield code="9">30940</subfield>
  </datafield>
  <datafield tag="650" ind1=" " ind2="7">
    <subfield code="a">Comunicaci&#xF3;n del conocimiento &#x2014; Uso sostenible  Ense&#xF1;anza presencial y virtual &#x2014; Estrategias  Educaci&#xF3;n &#x2014; Desarrollo sostenible</subfield>
  </datafield>
  <datafield tag="650" ind1=" " ind2="7">
    <subfield code="a">&#x2014; Aspectos pedag&#xF3;gicos  Educaci&#xF3;n digital </subfield>
  </datafield>
  <datafield tag="650" ind1=" " ind2="7">
    <subfield code="a">&#x2014; Innovaciones  Tecnolog&#xED;a educativa </subfield>
  </datafield>
  <datafield tag="650" ind1=" " ind2="7">
    <subfield code="a">Tecnolog&#xED;a educativa</subfield>
    <subfield code="2">ARMARC</subfield>
    <subfield code="9">38357</subfield>
  </datafield>
  <datafield tag="650" ind1=" " ind2="7">
    <subfield code="a">Aprendizaje en l&#xED;nea</subfield>
    <subfield code="2">ARMARC</subfield>
    <subfield code="9">39486</subfield>
  </datafield>
  <datafield tag="650" ind1=" " ind2="7">
    <subfield code="a">Educaci&#xF3;n superior</subfield>
    <subfield code="9">32230</subfield>
    <subfield code="x">Innovaciones tecnol&#xF3;gicas</subfield>
  </datafield>
  <datafield tag="700" ind1=" " ind2=" ">
    <subfield code="a">Arroyo Gonz&#xE1;lez, Rosario </subfield>
    <subfield code="4">ed.</subfield>
    <subfield code="9">109445</subfield>
    <subfield code="e">editor</subfield>
  </datafield>
  <datafield tag="700" ind1=" " ind2=" ">
    <subfield code="a">Evia Ricalde, Ena M.&#xAA; C. </subfield>
    <subfield code="4">ed.</subfield>
    <subfield code="9">109446</subfield>
    <subfield code="e">editor</subfield>
  </datafield>
  <datafield tag="700" ind1=" " ind2=" ">
    <subfield code="a">Barros Camargo, Claudia de </subfield>
    <subfield code="4">ed.</subfield>
    <subfield code="9">109447</subfield>
    <subfield code="e">editor</subfield>
  </datafield>
  <datafield tag="856" ind1=" " ind2=" ">
    <subfield code="y">Acceso a Texto Completo</subfield>
    <subfield code="u">https://opacbiblioteca.intec.edu.do/opac-tmpl/files/recursoselectronicos/9788410282155.pdf</subfield>
  </datafield>
  <datafield tag="942" ind1=" " ind2=" ">
    <subfield code="c">E-BOOK</subfield>
    <subfield code="2">ddc</subfield>
  </datafield>
  <datafield tag="999" ind1=" " ind2=" ">
    <subfield code="c">13444</subfield>
    <subfield code="d">13444</subfield>
  </datafield>
  <datafield tag="952" ind1=" " ind2=" ">
    <subfield code="0">0</subfield>
    <subfield code="1">0</subfield>
    <subfield code="2">ddc</subfield>
    <subfield code="4">0</subfield>
    <subfield code="7">0</subfield>
    <subfield code="a">IDEICE</subfield>
    <subfield code="b">IDEICE</subfield>
    <subfield code="d">2025-05-20</subfield>
    <subfield code="l">0</subfield>
    <subfield code="o">371.33014/An779c</subfield>
    <subfield code="r">2025-05-20 11:55:13</subfield>
    <subfield code="u">https://opacbiblioteca.intec.edu.do/opac-tmpl/files/recursoselectronicos/9788410282155.pdf</subfield>
    <subfield code="w">2025-05-20</subfield>
    <subfield code="y">LIB</subfield>
  </datafield>
</record>
